Allegationes iuris variorum de contractibus venditionis, et eius nollitate ab laessionem mutuo, interesse, transactionibus solutionibus et executionibus et obligatione ex ludo.

Detalles Bibliográficos
Formato: Libro
Lenguaje:Undetermined
Spanish
Publicado: Madrid : s.n., 1632-1647.
Materias:
Colección:Banco de datos
Acervo:Biblioteca Palafoxiana. Colección bibliográfica
Descripción Física:[683] h. ; f°
Tema general:derecho civil
Notas:Incluye 56 manuscritos y 8 manuscritos. Marca de fuego: Colegio de San Juan Documentos rubricados. Número de localización: 19503
LEADER 00694nam a2200157Ia 4500
008 150723s9999 xx 000 0 und d
041 0 |a spa 
050 0 |a PAFX K623 A5 
245 1 0 |a Allegationes iuris variorum de contractibus venditionis, et eius nollitate ab laessionem mutuo, interesse, transactionibus solutionibus et executionibus et obligatione ex ludo. 
260 |a Madrid : s.n., 1632-1647. 
300 |a [683] h. ; f° 
500 |a Incluye 56 manuscritos y 8 manuscritos. Marca de fuego: Colegio de San Juan Documentos rubricados. Número de localización: 19503 
650 1 0 |a derecho civil 
942 |c PALALIB 
943 |g Biblioteca Palafoxiana. Colección bibliográfica 
999 |c 1067152  |d 1067152